000 00495nam a2200205Ia 4500
003 OSt
005 20220915143659.0
008 210210b2012 xxu||||| |||| 00| 0 eng d
040 _cAL
041 _aeng
082 _a657.48 RAMF
100 _aRAMAN (B S)
_957642
245 _aFinancial accounting I
260 _aMangalore
_bUnited Publishers
_c2012
300 _aiv,617
650 _a BCom I SEM
_957643
690 _aFinancial Accounting
_957644
906 _a067444
942 _2ddc
_cBK
999 _c150235
_d150235